MARC

LEADER 00000nam0a2200000 4500
001 119231
005 20231101215527.0
020 |a RU  |b 87-35696 
035 |a (RuTPU)RU\TPU\book\129030 
090 |a 119231 
100 |a 20070627d1987 m y0rusy5003 ca 
101 0 |a rus 
102 |a RU 
105 |a a z 001ay 
200 1 |a Сочинения  |f К. Ф. Рылеев  |g сост., вступ ст. и коммент. С. А. Фомичев 
210 |a Ленинград  |c Художественная литература  |c Ленингр. отд-ние  |d 1987 
215 |a 412,[1] с., [1] л. портр.  |c ил.  |d 21 см 
320 |a Библиогр. в примеч.: с. 352-385 
320 |a Указ. имен: с. 390-407 
327 1 |a Содерж.: Стихотворения; Поэмы: Войнаровски; Мазепа: Отр. из поэмы; Наливайко: Отр. из поэмы; Агитационные песни, написанные совместно с А. А. Бестужевым; Проза; Письма 
610 1 |a русская литература 
610 1 |a стихотворения 
610 1 |a поэмы 
610 1 |a письма 
610 1 |a проза 
675 |a Р1  |z rus  |v 3 
700 1 |a Рылеев  |b К. Ф.  |c русский поэт  |c декабрист  |f 1795-1826  |g Кондратий Федорович  |2 stltpush  |3 (RuTPU)RU\TPU\pers\11919  |9 3028 
702 1 |a Фомичев  |b С. А.  |4 220 
801 0 |a RU  |b RuMRKP  |c 19950417  |g psbo 
801 1 |a RU  |b 63413507  |c 20070627  |g PSBO 
801 2 |a RU  |b 63413507  |c 20070920  |g PSBO 
942 |c BK